Podnikateľské rozhodovanie
Uložené v:
| Hlavný autor: | |
|---|---|
| Korporativný autor: | |
| Médium: | Kniha |
| Jazyk: | Slovak |
| Vydavateľské údaje: |
Bratislava
Vydavateľstvo EKONÓM
2004
|
| Vydanie: | 2. vyd. |
| Predmet: | |
| Tagy: |
Žiadne tagy, Buďte prvý, kto otaguje tento záznam!
|
MARC
| LEADER | 00000nam a2200000 4500 | ||
|---|---|---|---|
| 001 | 0008573 | ||
| 005 | 20240502071353.5 | ||
| 020 | |a 80-225-1837-9 | ||
| 041 | 0 | |a slo | |
| 044 | |a SK | ||
| 245 | 1 | 0 | |a Podnikateľské rozhodovanie |c Ľuboslav Szabo |
| 250 | |a 2. vyd. | ||
| 264 | 1 | |a Bratislava |b Vydavateľstvo EKONÓM |c 2004 | |
| 300 | |a 147 s. | ||
| 610 | 2 | 0 | |a podnikanie |
| 610 | 2 | 0 | |a rozhodovanie |
| 610 | 2 | 0 | |a rozhodovanie podnikové |
| 610 | 2 | 0 | |a teória rozhodovania |
| 610 | 2 | 0 | |a modely rozhodovania |
| 610 | 2 | 0 | |a metódy rozhodovania |
| 610 | 2 | 0 | |a analýza rozhodovacia |
| 610 | 2 | 0 | |a analýza operačná |
| 610 | 2 | 0 | |a systémy expertné |
| 100 | 1 | |a Szabo, Ľuboslav | |
| 710 | 2 | |a Ekonomická univerzita v Bratislave. Fakulta podnikového manažmentu | |